Albánie /

Hlavní autor: Gloyer, Gillian
Další autoři: Mahel, Robi
Jazyk: Čeština
Vydáno: Brno : Jota, s.r.o., 2016
Vydání: Páté vydání
Edice: Průvodce (Jota)
Témata:
Fyzický popis: 315 stran, 7 nečíslovaných stran obrazových příloh : ilustrace (některé barevné), mapy, plány ; 20 cm
Knihy
Uloženo v:
LEADER 01831nam a2200493 i 4500
001 nkc20162801174
003 CZ PrNK
005 20230414083012.0
007 ta
008 160531s2016 xr abefe f 001 0 cze
015 |a cnb002801174 
020 |a 978-80-7462-964-8  |q (brožováno) :  |c Kč 398,00 
035 |a (OCoLC)953517046 
040 |a BOA001  |b cze  |e rda 
041 1 |a cze  |h eng 
043 |a e-aa--- 
072 7 |a 913(4)  |x Geografie Evropy, reálie, cestování  |2 Konspekt  |9 7 
080 |a 913(496.5)  |2 MRF 
080 |a (036)913  |2 MRF 
100 1 |a Gloyer, Gillian  |7 mzk2005289853  |4 aut 
240 1 0 |a Albania.  |l Česky 
245 1 0 |a Albánie /  |c napsala Gillian Gloyerová ; z anglického originálu Albania ... přeložil Robi Mahel 
246 1 4 |a Turistický průvodce - Albánie 
250 |a Páté vydání 
264 1 |a Brno :  |b Jota, s.r.o.,  |c 2016 
300 |a 315 stran, 7 nečíslovaných stran obrazových příloh :  |b ilustrace (některé barevné), mapy, plány ;  |c 20 cm 
336 |a text  |b txt  |2 rdacontent 
337 |a bez média  |b n  |2 rdamedia 
338 |a svazek  |b nc  |2 rdacarrier 
490 1 |a Průvodce ;  |v svazek 174 
500 |a Česko-albánský slovník 
504 |a Obsahuje bibliografii, bibliografické odkazy a rejstřík 
651 7 |a Albánie  |7 ge128651  |2 czenas 
651 9 |a Albania  |2 eczenas 
655 7 |a turistické průvodce  |7 fd133738  |2 czenas 
655 9 |a tourist guidebooks  |2 eczenas 
700 1 |a Mahel, Robi  |4 trl 
830 0 |a Průvodce (Jota)  |0 s 
910 2 |a BOA001  |b 1-1367.862 
990 |a BK 
995 |a 01 
991 |b 201606  |c NOV 
996 6 |b 2610673390  |c 1-1367.862  |l MZK  |r Sklad / do 1 hodiny  |n 5  |p p.v.  |w 001565819  |u 000010  |a 1  |e BOA001  |j MZK50  |s P 
996 7 |b 2610673391  |c 1-1367.862  |l Vol.výběr  |r VV 1p  |n 33  |p p.v.  |h 913(4) PRU ALB  |w 001565819  |u 000020  |a 0  |e BOA001  |j MZK50  |s A